| 000 | 00414nam a22001217a 4500 | ||
|---|---|---|---|
| 999 |
_c9733 _d9733 |
||
| 003 | OSt | ||
| 008 | 201203b ||||| |||| 00| 0 eng d | ||
| 245 | _aJournal of Community Guidance And Research | ||
| 250 | _a2009(Mar Vol.26 No.1, Jul Vol.26 No.2, Nov Vol.26 No.3) 2010(Mar Vol.27 No.1, Jul Vol.27 No.2) | ||
| 260 |
_aNew Delhi _bNeelkamal Publication Pvt. Ltd. |
||
| 650 | _aMechanical Engineering | ||
| 942 |
_2ddc _cBV |
||